[Event "DVM U14 2022"]
[Site "Kelheim GER"]
[Date "2022.12.27"]
[Round "2"]
[White "Sato, Kai"]
[Black "Moldovan, Tudor"]
[Result "0-1"]
[Termination "normal"]
[Board "4.3"]
[WhiteElo "1432"]
[BlackElo "1263"]
[WhiteClock "00:26:23"]
[BlackClock "00:35:48"]
[WhiteTeam "USV TU Dresden"]
[BlackTeam "SG Königskinder Hohentübingen e.V."]
[PlyCount "98"]
[WhiteFideId "34605630"]
[BlackFideId "16288203"]
[EventCountry "GER"]
[EventRounds "7"]
[EventType "team-swiss"]
[EventDate "2022.12.26"]

1. e4 {[%clk 01:30:59]} g6 {[%clk 01:30:55]} {[%emt 00:00:06]} 2. d4 {[%clk
01:31:25]} {[%emt 00:00:04]} Bg7 {[%clk 01:31:17]} {[%emt 00:00:07]} 3. Nf3
{[%clk 01:31:53]} {[%emt 00:00:03]} d6 {[%clk 01:31:37]} {[%emt 00:00:10]} 4.
Bc4 {[%clk 01:32:19]} {[%emt 00:00:05]} Nc6 {[%clk 01:31:42]} {[%emt 00:00:24]}
5. Nc3 {[%clk 01:31:40]} {[%emt 00:01:09]} Nf6 {[%clk 01:31:33]} {[%emt
00:00:39]} 6. Bb3 {[%clk 01:31:39]} {[%emt 00:00:31]} O-O {[%clk 01:31:19]}
{[%emt 00:00:42]} 7. h3 {[%clk 01:31:53]} {[%emt 00:00:19]} e5 {[%clk
01:29:36]} {[%emt 00:02:12]} 8. d5 {[%clk 01:30:52]} {[%emt 00:01:30]} Na5
{[%clk 01:27:03]} {[%emt 00:02:58]} 9. Bg5 {[%clk 01:29:02]} {[%emt 00:02:25]}
Nxb3 {[%clk 01:27:13]} {[%emt 00:00:20]} 10. cxb3 {[%clk 01:29:21]} {[%emt
00:00:10]} Qd7 {[%clk 01:27:16]} {[%emt 00:00:17]} 11. Qd2 {[%clk 01:24:11]}
{[%emt 00:05:50]} b6 {[%clk 01:25:01]} {[%emt 00:02:46]} 12. O-O {[%clk
01:22:16]} {[%emt 00:02:25]} Ba6 {[%clk 01:24:42]} {[%emt 00:00:45]} 13. Rfe1
{[%clk 01:21:38]} {[%emt 00:01:12]} Rac8 {[%clk 01:24:32]} {[%emt 00:00:40]}
14. Rac1 {[%clk 01:10:39]} {[%emt 00:11:28]} Nh5 {[%clk 01:19:32]} {[%emt
00:02:01]} 15. Bh6 {[%clk 01:05:08]} {[%emt 00:09:30]} Kh8 {[%clk 01:14:16]}
{[%emt 00:05:46]} 16. Ne2 {[%clk 00:58:49]} {[%emt 00:06:49]} f6 {[%clk
01:07:51]} {[%emt 00:06:54]} 17. Bxg7 {[%clk 00:53:35]} {[%emt 00:05:44]} Kxg7
{[%clk 01:08:02]} {[%emt 00:00:19]} 18. Rc3 {[%clk 00:51:20]} {[%emt 00:02:45]}
Bxe2 {[%clk 01:07:13]} {[%emt 00:01:19]} 19. Qxe2 {[%clk 00:51:23]} {[%emt
00:00:27]} Nf4 {[%clk 01:05:32]} {[%emt 00:02:10]} 20. Qa6 {[%clk 00:51:07]}
{[%emt 00:00:47]} Ra8 {[%clk 01:03:30]} {[%emt 00:02:31]} 21. Rc6 {[%clk
00:48:22]} {[%emt 00:03:16]} Kg8 {[%clk 01:00:43]} {[%emt 00:03:15]} 22. Kh2
{[%clk 00:46:09]} {[%emt 00:02:43]} Rfc8 {[%clk 00:58:43]} {[%emt 00:02:27]}
23. Rec1 {[%clk 00:43:13]} {[%emt 00:03:31]} Qd8 {[%clk 00:55:13]} {[%emt
00:03:52]} 24. a3 {[%clk 00:37:01]} {[%emt 00:06:51]} g5 {[%clk 00:53:23]}
{[%emt 00:02:20]} 25. Qb7 {[%clk 00:36:18]} {[%emt 00:01:13]} Nd3 {[%clk
00:53:30]} {[%emt 00:00:22]} 26. R1c2 {[%clk 00:36:16]} {[%emt 00:00:33]} Nc5
{[%clk 00:53:41]} {[%emt 00:00:18]} 27. R2xc5 {[%clk 00:35:51]} {[%emt
00:00:55]} bxc5 {[%clk 00:53:41]} {[%emt 00:00:30]} 28. Nd2 {[%clk 00:35:48]}
{[%emt 00:00:33]} Qd7 {[%clk 00:52:02]} {[%emt 00:02:09]} 29. Nf1 {[%clk
00:34:52]} {[%emt 00:01:27]} Rab8 {[%clk 00:51:24]} {[%emt 00:01:07]} 30. Qxa7
{[%clk 00:34:56]} {[%emt 00:00:26]} Rxb3 {[%clk 00:51:29]} {[%emt 00:00:22]}
31. Ng3 {[%clk 00:35:01]} {[%emt 00:00:28]} Rxb2 {[%clk 00:51:02]} {[%emt
00:00:57]} 32. Nf5 {[%clk 00:35:17]} {[%emt 00:00:14]} Qd8 {[%clk 00:50:05]}
{[%emt 00:01:08]} 33. Qa6 {[%clk 00:34:15]} {[%emt 00:01:51]} Rcb8 {[%clk
00:47:01]} {[%emt 00:03:12]} 34. Qd3 {[%clk 00:29:56]} {[%emt 00:05:10]} Rxf2
{[%clk 00:45:52]} {[%emt 00:01:40]} 35. Qd1 {[%clk 00:25:42]} {[%emt 00:04:45]}
Rbb2 {[%clk 00:44:02]} {[%emt 00:02:18]} 36. Nh6 {[%clk 00:25:37]} {[%emt
00:00:37]} Kg7 {[%clk 00:43:06]} {[%emt 00:01:02]} 37. Qh5 {[%clk 00:25:30]}
{[%emt 00:01:00]} Rxg2 {[%clk 00:42:53]} {[%emt 00:00:42]} 38. Kh1 {[%clk
00:25:51]} {[%emt 00:00:10]} Rh2 {[%clk 00:43:09]} {[%emt 00:00:12]} 39. Kg1
{[%clk 00:26:13]} {[%emt 00:00:10]} Rbg2 {[%clk 00:43:15]} {[%emt 00:00:23]}
40. Kf1 {[%clk 00:26:34]} {[%emt 00:00:10]} Qb8 {[%clk 00:34:35]} {[%emt
00:08:47]} 41. Qf7 {[%clk 00:25:24]} {[%emt 00:02:03]} Kxh6 {[%clk 00:34:31]}
{[%emt 00:00:34]} 42. Qxf6 {[%clk 00:25:46]} {[%emt 00:00:08]} Kh5 {[%clk
00:34:47]} {[%emt 00:00:13]} 43. Qf3 {[%clk 00:25:14]} {[%emt 00:01:03]} Kh4
{[%clk 00:34:18]} {[%emt 00:00:59]} 44. Qxg2 {[%clk 00:25:16]} {[%emt
00:00:28]} Rxg2 {[%clk 00:34:31]} {[%emt 00:00:17]} 45. Kxg2 {[%clk 00:25:42]}
{[%emt 00:00:04]} Qb2 {[%clk 00:35:00]} 46. Kf3 {[%clk 00:26:05]} {[%emt
00:00:07]} Qc3 {[%emt 00:00:26]} 47. Kf2 {[%clk 00:25:57]} {[%emt 00:00:22]}
Qd2 {[%clk 00:35:38]} {[%emt 00:00:10]} 48. Kf3 {[%clk 00:26:05]} {[%emt
00:00:24]} Kxh3 {[%clk 00:35:28]} {[%emt 00:00:41]} 49. Rxc7 {[%clk 00:26:23]}
{[%emt 00:00:12]} g4# {[%clk 00:35:48]} {[%emt 00:00:09]} 0-1

[Event "DVM U14 2022"]
[Site "Kelheim GER"]
[Date "2022.12.27"]
[Round "2"]
[White "Großmann, Moritz"]
[Black "Eichner, Tim"]
[Result "0-1"]
[Termination "normal"]
[Board "4.4"]
[WhiteElo "1372"]
[BlackElo "1551"]
[WhiteClock "00:31:33"]
[BlackClock "01:07:58"]
[WhiteTeam "SG Königskinder Hohentübingen e.V."]
[BlackTeam "USV TU Dresden"]
[PlyCount "38"]
[WhiteFideId "34640266"]
[BlackFideId "34617213"]
[EventCountry "GER"]
[EventRounds "7"]
[EventType "team-swiss"]
[EventDate "2022.12.26"]

1. d4 {[%clk 01:30:56]} {[%emt 00:00:03]} d5 {[%clk 01:30:57]} {[%emt
00:00:03]} 2. Nf3 {[%clk 01:31:21]} {[%emt 00:00:05]} Bf5 {[%clk 01:31:06]}
{[%emt 00:00:21]} 3. e3 {[%clk 01:31:26]} {[%emt 00:00:25]} e6 {[%clk
01:31:17]} {[%emt 00:00:20]} 4. Bd3 {[%clk 01:31:48]} {[%emt 00:00:08]} Bg4
{[%clk 01:30:21]} {[%emt 00:01:26]} 5. h3 {[%clk 01:29:28]} {[%emt 00:02:49]}
Bh5 {[%clk 01:30:41]} {[%emt 00:00:10]} 6. b3 {[%clk 01:28:41]} {[%emt
00:01:17]} Nf6 {[%clk 01:30:16]} {[%emt 00:00:55]} 7. Nbd2 {[%clk 01:26:05]}
{[%emt 00:03:06]} Bd6 {[%clk 01:28:24]} {[%emt 00:02:22]} 8. Bb2 {[%clk
01:26:16]} {[%emt 00:00:19]} O-O {[%clk 01:27:25]} {[%emt 00:01:29]} 9. Qc1
{[%clk 01:25:45]} {[%emt 00:01:01]} c5 {[%clk 01:26:33]} {[%emt 00:01:23]} 10.
O-O {[%clk 01:24:45]} {[%emt 00:01:29]} Nc6 {[%clk 01:25:34]} {[%emt 00:01:28]}
11. dxc5 {[%clk 01:14:13]} {[%emt 00:11:02]} Bxc5 {[%clk 01:25:36]} {[%emt
00:00:28]} 12. a3 {[%clk 01:13:22]} {[%emt 00:01:21]} Rc8 {[%clk 01:24:34]}
{[%emt 00:01:31]} 13. Qe1 {[%clk 00:45:33]} {[%emt 00:28:20]} d4 {[%clk
01:22:19]} {[%emt 00:02:45]} 14. exd4 {[%clk 00:44:22]} {[%emt 00:01:42]} Nxd4
{[%clk 01:19:10]} {[%emt 00:03:38]} 15. Nxd4 {[%clk 00:39:10]} {[%emt
00:05:43]} Bxd4 {[%clk 01:16:25]} {[%emt 00:03:15]} 16. Bxd4 {[%clk 00:37:56]}
{[%emt 00:01:43]} Qxd4 {[%clk 01:16:47]} {[%emt 00:00:07]} 17. Nc4 {[%clk
00:37:24]} {[%emt 00:01:03]} Rc5 {[%clk 01:14:54]} {[%emt 00:02:22]} 18. Qe3
{[%clk 00:35:14]} {[%emt 00:02:40]} Rd8 {[%clk 01:09:16]} {[%emt 00:06:08]} 19.
f3 {[%clk 00:31:33]} {[%emt 00:04:13]} Rxc4 {[%clk 01:07:58]} {[%emt 00:01:47]}
0-1

[Event "DVM U14 2022"]
[Site "Kelheim GER"]
[Date "2022.12.27"]
[Round "2"]
[White "Dubinker, Philipp"]
[Black "Haubold, Sebastian"]
[Result "0-1"]
[Termination "normal"]
[Board "5.1"]
[WhiteElo "1639"]
[BlackElo "1998"]
[WhiteClock "00:39:25"]
[BlackClock "00:31:44"]
[WhiteTeam "SK Marburg 1931/72"]
[BlackTeam "SG Einheit Staßfurt"]
[PlyCount "56"]
[WhiteFideId "34608320"]
[BlackFideId "16259637"]
[EventCountry "GER"]
[EventRounds "7"]
[EventType "team-swiss"]
[EventDate "2022.12.26"]

1. Nf3 {[%clk 01:30:56]} {[%emt 00:00:04]} Nf6 {[%clk 01:30:45]} {[%emt
00:00:15]} 2. c4 {[%clk 01:31:17]} {[%emt 00:00:10]} g6 {[%clk 01:30:59]}
{[%emt 00:00:15]} 3. g3 {[%clk 01:30:26]} {[%emt 00:01:21]} Bg7 {[%clk
01:31:12]} {[%emt 00:00:17]} 4. Bg2 {[%clk 01:30:41]} {[%emt 00:00:15]} O-O
{[%clk 01:31:32]} {[%emt 00:00:10]} 5. d4 {[%clk 01:30:59]} {[%emt 00:00:13]}
d6 {[%clk 01:31:51]} {[%emt 00:00:10]} 6. O-O {[%clk 01:31:18]} {[%emt
00:00:11]} c5 {[%clk 01:28:34]} {[%emt 00:03:47]} 7. dxc5 {[%clk 01:29:57]}
{[%emt 00:01:50]} dxc5 {[%clk 01:27:47]} {[%emt 00:01:19]} 8. Nc3 {[%clk
01:26:58]} {[%emt 00:03:28]} Nc6 {[%clk 01:20:18]} {[%emt 00:07:59]} 9. Be3
{[%clk 01:13:20]} {[%emt 00:14:08]} Be6 {[%clk 01:02:27]} {[%emt 00:18:22]} 10.
Ng5 {[%clk 01:08:36]} {[%emt 00:05:13]} Qxd1 {[%clk 00:56:10]} {[%emt
00:06:47]} 11. Rfxd1 {[%clk 01:07:51]} {[%emt 00:01:16]} Bxc4 {[%clk 00:56:28]}
{[%emt 00:00:12]} 12. Bxc6 {[%clk 01:08:01]} {[%emt 00:00:19]} bxc6 {[%clk
00:56:48]} {[%emt 00:00:09]} 13. Bxc5 {[%clk 01:08:26]} {[%emt 00:00:06]} Nd5
{[%clk 00:52:12]} {[%emt 00:05:06]} 14. Bd4 {[%clk 00:57:53]} {[%emt 00:11:01]}
e5 {[%clk 00:38:47]} {[%emt 00:13:57]} 15. Bc5 {[%clk 00:56:51]} {[%emt
00:01:31]} Rfd8 {[%clk 00:37:58]} {[%emt 00:01:20]} 16. e4 {[%clk 00:49:37]}
{[%emt 00:07:43]} Nxc3 {[%clk 00:37:18]} {[%emt 00:01:11]} 17. bxc3 {[%clk
00:49:50]} {[%emt 00:00:17]} Rxd1 {[%clk 00:29:16]} {[%emt 00:08:32]} 18. Rxd1
{[%clk 00:50:10]} {[%emt 00:00:10]} h6 {[%clk 00:29:37]} {[%emt 00:00:10]} 19.
Nh3 {[%clk 00:49:31]} {[%emt 00:01:09]} Bxa2 {[%clk 00:29:50]} {[%emt
00:00:17]} 20. Rd6 {[%clk 00:47:26]} {[%emt 00:02:34]} Be6 {[%clk 00:30:09]}
{[%emt 00:00:11]} 21. Kg2 {[%clk 00:47:41]} {[%emt 00:00:14]} Bf8 {[%clk
00:29:53]} {[%emt 00:00:47]} 22. Rxc6 {[%clk 00:47:52]} {[%emt 00:00:19]} a5
{[%clk 00:29:06]} {[%emt 00:01:17]} 23. Bxf8 {[%clk 00:46:53]} {[%emt
00:01:30]} Kxf8 {[%clk 00:29:34]} {[%emt 00:00:01]} 24. Rb6 {[%clk 00:45:33]}
{[%emt 00:01:50]} a4 {[%clk 00:30:00]} {[%emt 00:00:04]} 25. Rb1 {[%clk
00:45:51]} {[%emt 00:00:11]} a3 {[%clk 00:30:27]} {[%emt 00:00:03]} 26. Ng1
{[%clk 00:40:25]} {[%emt 00:05:57]} a2 {[%clk 00:30:55]} {[%emt 00:00:02]} 27.
Ra1 {[%clk 00:40:48]} {[%emt 00:00:07]} Rb8 {[%clk 00:31:15]} {[%emt 00:00:10]}
28. Ne2 {[%clk 00:39:25]} {[%emt 00:01:53]} Rb1 {[%clk 00:31:44]} {[%emt
00:00:01]} 0-1

[Event "DVM U14 2022"]
[Site "Kelheim GER"]
[Date "2022.12.27"]
[Round "2"]
[White "Haubold, Christian"]
[Black "Sreeramulu, Aarush"]
[Result "1-0"]
[Termination "normal"]
[Board "5.2"]
[WhiteElo "1981"]
[BlackElo "1526"]
[WhiteClock "00:25:54"]
[BlackClock "00:14:11"]
[WhiteTeam "SG Einheit Staßfurt"]
[BlackTeam "SK Marburg 1931/72"]
[PlyCount "67"]
[WhiteFideId "16259629"]
[BlackFideId "34610685"]
[EventCountry "GER"]
[EventRounds "7"]
[EventType "team-swiss"]
[EventDate "2022.12.26"]

1. e4 {[%clk 01:30:57]} {[%emt 00:00:03]} c6 {[%clk 01:30:50]} {[%emt
00:00:10]} 2. d4 {[%clk 01:31:12]} {[%emt 00:00:15]} d5 {[%clk 01:31:14]}
{[%emt 00:00:06]} 3. Nc3 {[%clk 01:30:42]} {[%emt 00:01:00]} dxe4 {[%clk
01:31:37]} {[%emt 00:00:07]} 4. Nxe4 {[%clk 01:31:04]} {[%emt 00:00:08]} Bf5
{[%clk 01:31:49]} {[%emt 00:00:17]} 5. Ng3 {[%clk 01:31:25]} {[%emt 00:00:16]}
Bg6 {[%clk 01:32:14]} 6. Nf3 {[%clk 01:31:49]} {[%emt 00:00:05]} Nf6 {[%clk
01:32:21]} {[%emt 00:00:23]} 7. Ne5 {[%clk 01:29:37]} {[%emt 00:02:42]} Nbd7
{[%clk 01:31:35]} {[%emt 00:01:16]} 8. Nxg6 {[%clk 01:24:47]} {[%emt 00:05:20]}
hxg6 {[%clk 01:31:27]} {[%emt 00:00:37]} 9. Bc4 {[%clk 01:24:13]} {[%emt
00:01:05]} e6 {[%clk 01:29:53]} {[%emt 00:02:05]} 10. c3 {[%clk 01:23:31]}
{[%emt 00:01:11]} Nb6 {[%clk 01:29:17]} {[%emt 00:01:07]} 11. Bb3 {[%clk
01:22:56]} {[%emt 00:01:04]} Be7 {[%clk 01:28:17]} {[%emt 00:01:29]} 12. Qf3
{[%clk 01:21:48]} {[%emt 00:01:38]} Nbd5 {[%clk 01:25:00]} {[%emt 00:03:48]}
13. Bg5 {[%clk 01:18:10]} {[%emt 00:04:08]} Rc8 {[%clk 01:22:07]} {[%emt
00:03:23]} 14. Rd1 {[%clk 01:13:16]} {[%emt 00:05:23]} Nh5 {[%clk 01:12:08]}
{[%emt 00:10:30]} 15. Bd2 {[%clk 01:06:29]} {[%emt 00:07:17]} Nxg3 {[%clk
01:07:22]} {[%emt 00:05:15]} 16. fxg3 {[%clk 01:05:43]} {[%emt 00:01:16]} Bg5
{[%clk 01:05:09]} {[%emt 00:02:44]} 17. O-O {[%clk 01:03:13]} {[%emt 00:02:59]}
O-O {[%clk 01:03:13]} {[%emt 00:02:26]} 18. c4 {[%clk 00:59:23]} {[%emt
00:04:20]} Nc7 {[%clk 01:00:50]} {[%emt 00:02:53]} 19. Bc3 {[%clk 00:55:47]}
{[%emt 00:04:06]} Bf6 {[%clk 00:58:47]} {[%emt 00:02:33]} 20. Rfe1 {[%clk
00:51:10]} {[%emt 00:05:07]} Qd6 {[%clk 00:50:54]} {[%emt 00:08:23]} 21. Kh1
{[%clk 00:45:10]} {[%emt 00:06:30]} Rfe8 {[%clk 00:43:46]} {[%emt 00:07:38]}
22. a3 {[%clk 00:38:27]} {[%emt 00:07:14]} Qd7 {[%clk 00:41:12]} {[%emt
00:03:04]} 23. Qg4 {[%clk 00:36:34]} {[%emt 00:02:23]} Qd6 {[%clk 00:31:49]}
{[%emt 00:09:53]} 24. Bb4 {[%clk 00:34:17]} {[%emt 00:02:47]} Qd8 {[%clk
00:30:50]} {[%emt 00:01:29]} 25. Rf1 {[%clk 00:31:33]} {[%emt 00:03:14]} Na6
{[%clk 00:27:47]} {[%emt 00:03:34]} 26. d5 {[%clk 00:26:54]} {[%emt 00:05:08]}
cxd5 {[%clk 00:26:04]} {[%emt 00:02:13]} 27. cxd5 {[%clk 00:26:52]} {[%emt
00:00:32]} exd5 {[%clk 00:25:55]} {[%emt 00:00:38]} 28. Bxd5 {[%clk 00:26:54]}
{[%emt 00:00:28]} Qb6 {[%clk 00:25:15]} {[%emt 00:01:11]} 29. Qxg6 {[%clk
00:26:25]} {[%emt 00:00:59]} Rf8 {[%clk 00:18:35]} {[%emt 00:07:09]} 30. Bxf8
{[%clk 00:25:30]} {[%emt 00:01:25]} Rxf8 {[%clk 00:18:43]} {[%emt 00:00:22]}
31. Rf5 {[%clk 00:24:49]} {[%emt 00:01:12]} Bxb2 {[%clk 00:13:24]} {[%emt
00:05:49]} 32. Bxf7 {[%clk 00:25:07]} {[%emt 00:00:12]} Rxf7 {[%clk 00:13:46]}
{[%emt 00:00:07]} 33. Qxf7 {[%clk 00:25:30]} {[%emt 00:00:07]} Kh7 {[%clk
00:14:11]} {[%emt 00:00:05]} 34. Rh5 {[%clk 00:25:54]} {[%emt 00:00:06]} 1-0

[Event "DVM U14 2022"]
[Site "Kelheim GER"]
[Date "2022.12.27"]
[Round "2"]
[White "Schambier, Leon Elias"]
[Black "Alkayas, Mohammad"]
[Result "1/2-1/2"]
[Termination "normal"]
[Board "5.4"]
[WhiteElo "1306"]
[BlackElo "1174"]
[WhiteClock "00:17:43"]
[BlackClock "00:15:40"]
[WhiteTeam "SG Einheit Staßfurt"]
[BlackTeam "SK Marburg 1931/72"]
[PlyCount "55"]
[WhiteFideId "34608184"]
[BlackFideId "34608400"]
[EventCountry "GER"]
[EventRounds "7"]
[EventType "team-swiss"]
[EventDate "2022.12.26"]

1. c4 {[%clk 01:30:58]} {[%emt 00:00:02]} Nc6 {[%clk 01:30:42]} {[%emt
00:00:19]} 2. Nc3 {[%clk 01:31:19]} {[%emt 00:00:09]} Nf6 {[%clk 01:30:59]}
{[%emt 00:00:14]} 3. d3 {[%emt 00:00:11]} e5 {[%clk 01:31:04]} {[%emt
00:00:23]} 4. g3 {[%clk 01:31:54]} {[%emt 00:00:15]} Bb4 {[%clk 01:30:53]}
{[%emt 00:00:40]} 5. e4 {[%clk 01:31:52]} {[%emt 00:00:33]} O-O {[%clk
01:30:13]} {[%emt 00:01:10]} 6. Bg2 {[%clk 01:30:55]} {[%emt 00:01:27]} Ne7
{[%clk 01:30:00]} {[%emt 00:00:44]} 7. Nge2 {[%clk 01:29:51]} {[%emt 00:01:33]}
c6 {[%clk 01:28:53]} {[%emt 00:01:38]} 8. Qb3 {[%clk 01:29:48]} {[%emt
00:00:32]} Bxc3 {[%clk 01:27:38]} {[%emt 00:01:45]} 9. Nxc3 {[%clk 01:30:08]}
{[%emt 00:00:10]} b6 {[%clk 01:23:41]} {[%emt 00:04:27]} 10. Bg5 {[%clk
01:30:03]} {[%emt 00:00:35]} Ng6 {[%clk 01:23:49]} {[%emt 00:00:22]} 11. O-O
{[%clk 01:30:09]} {[%emt 00:00:23]} h6 {[%clk 01:23:31]} {[%emt 00:00:49]} 12.
Bxf6 {[%clk 01:29:52]} {[%emt 00:00:46]} Qxf6 {[%clk 01:23:49]} {[%emt
00:00:12]} 13. a4 {[%clk 01:24:37]} {[%emt 00:05:44]} Bb7 {[%clk 01:11:33]}
{[%emt 00:12:46]} 14. Rfd1 {[%clk 00:54:56]} {[%emt 00:30:41]} c5 {[%clk
01:04:36]} {[%emt 00:07:58]} 15. a5 {[%clk 00:43:44]} {[%emt 00:11:41]} Rad8
{[%clk 00:58:09]} {[%emt 00:06:57]} 16. axb6 {[%clk 00:43:49]} {[%emt
00:00:25]} Qxb6 {[%clk 00:55:36]} {[%emt 00:03:03]} 17. Qxb6 {[%clk 00:43:55]}
{[%emt 00:00:24]} axb6 {[%clk 00:55:59]} {[%emt 00:00:07]} 18. Na4 {[%clk
00:44:15]} {[%emt 00:00:10]} Bc6 {[%clk 00:46:51]} {[%emt 00:09:39]} 19. Nxb6
{[%clk 00:44:03]} {[%emt 00:00:42]} Rb8 {[%clk 00:46:53]} {[%emt 00:00:27]} 20.
Ra6 {[%clk 00:41:20]} {[%emt 00:03:11]} Rb7 {[%clk 00:46:22]} {[%emt 00:01:04]}
21. Bh3 {[%clk 00:28:59]} {[%emt 00:12:51]} Rfb8 {[%clk 00:44:53]} {[%emt
00:01:59]} 22. Na4 {[%clk 00:26:39]} {[%emt 00:02:50]} Bxa4 {[%clk 00:43:35]}
{[%emt 00:01:47]} 23. Rxa4 {[%clk 00:27:02]} {[%emt 00:00:08]} d6 {[%clk
00:39:58]} {[%emt 00:04:07]} 24. Ra6 {[%clk 00:26:47]} {[%emt 00:00:43]} Rb6
{[%clk 00:39:41]} {[%emt 00:00:48]} 25. Rxb6 {[%clk 00:26:09]} {[%emt
00:01:09]} Rxb6 {[%clk 00:39:44]} {[%emt 00:00:27]} 26. Ra1 {[%clk 00:24:40]}
{[%emt 00:01:59]} Kf8 {[%clk 00:17:01]} {[%emt 00:23:13]} 27. Ra2 {[%clk
00:18:30]} {[%emt 00:06:39]} Ke7 {[%clk 00:15:40]} {[%emt 00:01:51]} 28. Ra7
{[%clk 00:17:43]} {[%emt 00:01:16]} 1/2-1/2

[Event "DVM U14 2022"]
[Site "Kelheim GER"]
[Date "2022.12.27"]
[Round "2"]
[White "Semling, Johannes"]
[Black "Rogalski, Niclas"]
[Result "1-0"]
[Termination "normal"]
[Board "6.2"]
[WhiteElo "1794"]
[BlackElo "1523"]
[WhiteClock "01:29:15"]
[BlackClock "01:26:55"]
[WhiteTeam "OSG Baden-Baden"]
[BlackTeam "SK Blauer Springer Paderborn 1926 e. V."]
[PlyCount "59"]
[WhiteFideId "16290151"]
[BlackFideId "34640320"]
[EventCountry "GER"]
[EventRounds "7"]
[EventType "team-swiss"]
[EventDate "2022.12.26"]

1. e4 {[%clk 01:30:51]} {[%emt 00:00:09]} c5 {[%clk 01:30:53]} {[%emt
00:00:08]} 2. Nf3 {[%clk 01:30:58]} {[%emt 00:00:22]} e6 {[%clk 01:31:15]}
{[%emt 00:00:08]} 3. d4 {[%clk 01:30:40]} {[%emt 00:00:47]} cxd4 {[%clk
01:31:40]} {[%emt 00:00:06]} 4. Nxd4 {[%clk 01:30:53]} {[%emt 00:00:18]} Nf6
{[%clk 01:31:53]} {[%emt 00:00:16]} 5. Nc3 {[%clk 01:30:51]} {[%emt 00:00:32]}
Nc6 {[%clk 01:32:09]} {[%emt 00:00:14]} 6. Nxc6 {[%clk 01:29:15]} {[%emt
00:02:06]} bxc6 {[%clk 01:32:25]} {[%emt 00:00:14]} 7. e5 {[%clk 01:29:39]}
{[%emt 00:00:05]} Nd5 {[%clk 01:32:37]} {[%emt 00:00:19]} 8. Ne4 {[%clk
01:29:33]} {[%emt 00:00:36]} Qc7 {[%clk 01:30:58]} {[%emt 00:02:09]} 9. f4
{[%clk 01:29:46]} {[%emt 00:00:17]} Qb6 {[%clk 01:27:22]} {[%emt 00:04:07]} 10.
c4 {[%clk 01:29:03]} {[%emt 00:01:12]} Bb4 {[%clk 01:26:55]} {[%emt 00:00:58]}
11. Ke2 {[%emt 00:00:17]} Ba6 12. Kf3 Ne7 13. a3 Bxc4 14. Bxc4 Bc5 15. Nxc5
Qxc5 16. Qd3 Nf5 17. g4 Nh4 18. Kg3 Ng6 19. Be3 Qe7 20. h4 h5 21. g5 Rd8 22.
Rad1 Ra8 23. b4 Qd8 24. Qc2 Ne7 25. Bd3 Nd5 26. Bc5 a6 27. Be4 Qc7 28. Bxd5
exd5 29. Qf5 a5 30. g6 {[%clk 01:29:15]} 1-0